| 000 | 00777nam a2200217Ia 4500 | ||
|---|---|---|---|
| 008 | 130821s2008 ck gr spa | ||
| 020 | _a9584508270 | ||
| 040 |
_aCo-BoUCM _bspa |
||
| 041 | 0 | 0 | _aspa |
| 100 | 1 |
_aCohen, William A. _9161574 |
|
| 245 | 1 | 0 |
_aEn clase con Drucker diecisiete lecciones magistrales _cWilliam A. Cohen ;traducción de Ana del Corral Londoño |
| 260 |
_aBogotá (Colombia) _bEditorial Norma _c2008 |
||
| 300 | _a415 páginas | ||
| 650 | 0 | 4 |
_aAdministración de empresas _9435 |
| 650 | 0 | 4 |
_aAdministración gerencial _98598 |
| 650 | 0 | 4 |
_aCapacitación de ejecutivos _910438 |
| 650 | 0 | 4 |
_aLiderazgo _918533 |
| 700 | 1 |
_aCorral Londoño, Ana del _etrad. _9164039 |
|
| 942 |
_cLIBRO _a16 _e1 _mC678c _2DEWEY _h658.4 |
||
| 999 |
_c55365 _d55365 |
||